[Event "SPICE Cup Open 2017"]
[Site "Saint Louis USA"]
[Date "2017.10.25"]
[Round "7.21"]
[White "Tsay, Vincent"]
[Black "Gosdin, Kaleb"]
[Result "1-0"]
[WhiteTitle "FM"]
[WhiteElo "2265"]
[BlackElo "2011"]
[WhiteFideId "30931835"]
[BlackFideId "30920442"]
[EventDate "2017.10.21"]

1. d4 g6 2. c4 Bg7 3. Nc3 d6 4. e4 Nd7 5. Nf3 e5 6. Be2 Nh6 7. O-O O-O 8. d5 f5
9. exf5 Nxf5 10. Ne4 Nc5 11. Nfg5 Nxe4 12. Nxe4 Nd4 13. Bg4 Qh4 14. h3 Bxg4 15.
Qxg4 Qxg4 16. hxg4 Rab8 17. a4 a5 18. Ra3 h6 19. Bd2 Ra8 20. Rd3 Rfd8 21. Rh3
Ne2+ 22. Kh1 Nf4 23. Rb3 b6 24. Re1 g5 25. Ra3 Ra7 26. g3 Ng6 27. b4 axb4 28.
Bxb4 Rda8 29. Rea1 Nf8 30. a5 Nd7 31. Kg2 Kf7 32. R1a2 Ke7 33. Nc3 bxa5 34. Rxa5
Rxa5 35. Rxa5 Rb8 36. Nb5 Rb7 37. Ra6 Nb6 38. c5 Nxd5 39. cxd6+ cxd6 40. Bxd6+
Kd7 41. Na3 Rb6 42. Ra7+ Ke6 43. Rxg7 Rxd6 44. Nc4 Rd7 45. Rg6+ Nf6 46. Rxh6 Rd4
47. Ne3 Kf7 48. Kf3 Kg7 49. Nf5+ 1-0

[Event "SPICE Cup Open 2017"]
[Site "Saint Louis USA"]
[Date "2017.10.25"]
[Round "7.22"]
[White "Wang, Justin"]
[Black "Polgar-Shutzman, Tom"]
[Result "1-0"]
[WhiteElo "2254"]
[BlackElo "2055"]
[WhiteFideId "30911370"]
[BlackFideId "2064880"]
[EventDate "2017.10.21"]

1. e4 c5 2. Nf3 Nc6 3. Bb5 g6 4. Bxc6 dxc6 5. d3 Bg7 6. h3 e5 7. Be3 Qe7 8. a4
a5 9. Na3 Nf6 10. Bg5 h6 11. Bh4 Qc7 12. Qd2 Nh5 13. O-O O-O 14. Bg3 Nxg3 15.
fxg3 Be6 16. b3 Rad8 17. Nc4 b6 18. Rae1 Rb8 19. Ne3 Rfd8 20. Ra1 Ra8 21. Nh2
Kh7 22. Neg4 f5 23. Nf2 f4 24. g4 g5 25. Qc3 Bf6 26. Nf3 Rf8 27. g3 Bh8 28. Kg2
Qf7 29. Rae1 Rg8 30. gxf4 gxf4 31. Rh1 Qe7 32. Reg1 b5 33. axb5 cxb5 34. Kf1 c4
35. bxc4 bxc4 36. g5 cxd3 37. cxd3 hxg5 38. h4 g4 39. Ng5+ Kh6 40. Qc6 Rg6 41.
Qxa8 Bg7 42. Nxg4+ Bxg4 43. Qg8 Kh5 44. Rxg4 Kxg4 45. Qh7 Bh6 46. Qxe7 1-0

[Event "SPICE Cup Open 2017"]
[Site "Saint Louis USA"]
[Date "2017.10.25"]
[Round "7.23"]
[White "Mercado, Luisa Fernanda"]
[Black "Yoo, Christopher Woojin"]
[Result "0-1"]
[WhiteTitle "WFM"]
[BlackTitle "FM"]
[WhiteElo "1944"]
[BlackElo "2194"]
[WhiteFideId "4400984"]
[BlackFideId "30909694"]
[EventDate "2017.10.21"]

1. e4 c5 2. Nc3 Nc6 3. f4 g6 4. Nf3 Bg7 5. Bc4 d6 6. O-O e6 7. d3 Nge7 8. Qe1
O-O 9. f5 gxf5 10. Qh4 fxe4 11. dxe4 Ng6 12. Qh5 f6 13. a3 Qe7 14. Be3 Nce5 15.
Ba2 Bd7 16. Rad1 Rad8 17. Rd2 b5 18. Nxe5 Nxe5 19. Rf4 Be8 20. Qh3 c4 21. Rh4 h5
22. Ne2 f5 23. exf5 exf5 24. Rf4 Ng4 25. Bf2 Bh6 26. Bh4 Qe5 27. Qg3 Bxf4 28.
Nxf4 Rd7 29. h3 Rg7 30. Qf3 Bc6 31. Qxc6 Qe3+ 32. Kh1 Qxd2 33. hxg4 Qc1+ 34. Kh2
Qxf4+ 35. Bg3 Qxg4 36. Bxd6 Qe4 37. Qxe4 fxe4 38. Bxf8 Kxf8 0-1

[Event "SPICE Cup Open 2017"]
[Site "Saint Louis USA"]
[Date "2017.10.25"]
[Round "7.24"]
[White "Black, James"]
[Black "Easton, Jack"]
[Result "1-0"]
[WhiteElo "2164"]
[BlackElo "2162"]
[WhiteFideId "2048280"]
[BlackFideId "30900069"]
[EventDate "2017.10.21"]

1. c4 e5 2. g3 Nf6 3. Bg2 c6 4. d4 exd4 5. Qxd4 Na6 6. Nc3 Bc5 7. Qd2 Nc7 8. a3
a5 9. Nf3 O-O 10. O-O d5 11. cxd5 Ncxd5 12. Rd1 Qb6 13. e3 Nxc3 14. Qxc3 Be6 15.
Nd4 Rfd8 16. Rd2 Bd5 17. Nc2 Ne4 18. Bxe4 Bxe4 19. b4 axb4 20. axb4 Bf8 21. Rxa8
Rxa8 22. Rd4 Bxc2 23. Qxc2 Bxb4 24. Bb2 Be7 25. Rg4 f6 26. Rh4 Qb5 27. Qxh7+ Kf7
28. Rg4 Rg8 29. Qg6+ Kf8 30. Bc3 c5 31. Qf5 Qc6 32. Re4 Kf7 33. g4 g6 34. Qf4
Rd8 35. Qf3 Rd5 36. Kg2 f5 37. gxf5 gxf5 38. Qh5+ 1-0

[Event "SPICE Cup Open 2017"]
[Site "Saint Louis USA"]
[Date "2017.10.25"]
[Round "7.25"]
[White "Shoykhet, Benjamin"]
[Black "Cervantes Landeiro, Thalia"]
[Result "0-1"]
[BlackTitle "WFM"]
[WhiteElo "1819"]
[BlackElo "2107"]
[WhiteFideId "30919746"]
[BlackFideId "3520498"]
[EventDate "2017.10.21"]

1. Nf3 g6 2. c4 Bg7 3. Nc3 e5 4. g3 d6 5. Bg2 f5 6. d3 Nf6 7. O-O O-O 8. Rb1 a5
9. a3 Nc6 10. b4 axb4 11. axb4 h6 12. b5 Ne7 13. Qb3 Kh7 14. Bb2 g5 15. Ra1 Rxa1
16. Rxa1 f4 17. Nd2 fxg3 18. hxg3 Ng4 19. Nce4 Bf5 20. Ra7 Kh8 21. Rxb7 Qe8 22.
Rxc7 Bxe4 23. Nxe4 Qh5 24. Bf3 Qh2+ 25. Kf1 Nf5 26. b6 Nxg3+ 27. fxg3 Qh1# 0-1

[Event "SPICE Cup Open 2017"]
[Site "Saint Louis USA"]
[Date "2017.10.25"]
[Round "8.1"]
[White "Bruzon Batista, Lazaro"]
[Black "Quesada Perez, Yuniesky"]
[Result "1/2-1/2"]
[WhiteTitle "GM"]
[BlackTitle "GM"]
[WhiteElo "2660"]
[BlackElo "2619"]
[WhiteFideId "3503739"]
[BlackFideId "3504409"]
[EventDate "2017.10.21"]

1. e4 e5 2. Nf3 Nc6 3. Bb5 Nf6 4. O-O Nxe4 5. Re1 Nd6 6. Nxe5 Be7 7. Bf1 Nxe5 8.
Rxe5 O-O 9. d4 Bf6 10. Re1 Re8 11. c3 Rxe1 12. Qxe1 Ne8 13. Bf4 d5 14. Bd3 g6
15. Nd2 Ng7 16. Qe2 c6 17. Re1 Bf5 18. Bxf5 Nxf5 19. Nf3 Ng7 20. h3 Ne6 21. Be5
Qe7 1/2-1/2

[Event "SPICE Cup Open 2017"]
[Site "Saint Louis USA"]
[Date "2017.10.25"]
[Round "8.2"]
[White "Swiercz, Dariusz"]
[Black "Sevian, Samuel"]
[Result "1/2-1/2"]
[WhiteTitle "GM"]
[BlackTitle "GM"]
[WhiteElo "2639"]
[BlackElo "2615"]
[WhiteFideId "1126881"]
[BlackFideId "2040506"]
[EventDate "2017.10.21"]

1. d4 d5 2. Nf3 Nf6 3. c4 c6 4. e3 Bf5 5. Nc3 e6 6. Nh4 Bg6 7. Qb3 Qc7 8. Nxg6
hxg6 9. g3 Be7 10. Bg2 O-O 11. O-O Nbd7 12. cxd5 cxd5 13. e4 dxe4 14. Nxe4 Nxe4
15. Bxe4 Nb6 16. Qf3 Rab8 17. Bf4 Bd6 18. Rac1 Qd7 19. Bxd6 Qxd6 20. Rfd1 Nd5
21. Bxd5 exd5 22. Rc5 Rbd8 23. Qa3 b6 24. Rc3 Qxa3 25. Rxa3 Rd7 26. Rc1 Re8 27.
Re3 Re4 28. Rc8+ Kh7 29. Rxe4 dxe4 30. Rc4 b5 31. Rc5 Rxd4 32. Rxb5 Rd1+ 33. Kg2
Rd2 34. Kf1 f5 35. a4 a6 36. Rb6 a5 37. Rb5 Kh6 38. b3 Rb2 39. h3 Kg5 40. Ke1
Kh5 41. Rxa5 Rxb3 42. Ra8 Rb2 43. a5 Ra2 44. a6 g5 45. g4+ fxg4 46. a7 Kg6 47.
hxg4 Kh7 48. Kd1 Kg6 49. Kc1 Kh7 50. Kb1 Ra5 51. Kb2 Kg6 52. Kc3 Ra1 53. Kd4 Ra2
54. Kxe4 Ra1 55. Kd5 Ra2 56. Kc5 Ra1 57. Kb5 Rb1+ 58. Kc6 Rc1+ 59. Kd6 Ra1 60.
Ke7 Ra2 61. Kf8 Kh7 62. f3 Ra3 63. Ke7 Kg6 64. Ke8 Kh7 65. Kd7 Ra1 1/2-1/2

[Event "SPICE Cup Open 2017"]
[Site "Saint Louis USA"]
[Date "2017.10.25"]
[Round "8.3"]
[White "Azarov, Sergei"]
[Black "Shimanov, Aleksandr"]
[Result "1/2-1/2"]
[WhiteTitle "GM"]
[BlackTitle "GM"]
[WhiteElo "2556"]
[BlackElo "2640"]
[WhiteFideId "13501470"]
[BlackFideId "4198603"]
[EventDate "2017.10.21"]

1. e4 c6 2. d4 d5 3. e5 Bf5 4. Nf3 e6 5. Be2 c5 6. Be3 Qb6 7. Nc3 Nc6 8. O-O
Qxb2 9. Qe1 cxd4 10. Bxd4 Nxd4 11. Nxd4 Bb4 12. Ndb5 Ba5 13. Rb1 Qxc2 14. Rc1
Qb2 15. g4 Bg6 16. f4 Be4 17. Rf2 Kf8 18. Bd3 Qb4 19. a3 Qe7 20. Bxe4 dxe4 21.
Kg2 h5 22. g5 e3 23. Rf3 Qd7 24. Nd6 Ne7 25. Qxe3 Bxc3 26. Qxc3 Nd5 27. Qd4 g6
28. Rc5 Rg8 29. h4 b6 30. Rxd5 exd5 31. f5 gxf5 32. Rxf5 Rg7 33. Rf6 Qc7 34. Kh3
Rd8 35. Nxf7 Rxf7 36. e6 Rxf6 37. Qxf6+ Kg8 38. Qg6+ Kf8 39. Qf6+ 1/2-1/2

[Event "SPICE Cup Open 2017"]
[Site "Saint Louis USA"]
[Date "2017.10.25"]
[Round "8.4"]
[White "Nyzhnyk, Illya"]
[Black "Prohaszka, Peter2"]
[Result "1/2-1/2"]
[WhiteTitle "GM"]
[BlackTitle "GM"]
[WhiteElo "2594"]
[BlackElo "2614"]
[WhiteFideId "14118084"]
[BlackFideId "726265"]
[EventDate "2017.10.21"]

1. d4 d5 2. c4 e6 3. Nf3 Nf6 4. g3 Bb4+ 5. Bd2 Be7 6. Bg2 O-O 7. O-O Nbd7 8. Qc2
c6 9. Bf4 b6 10. Ne5 Nxe5 11. Bxe5 Bb7 12. Rd1 Rc8 13. Qa4 a6 1/2-1/2

[Event "SPICE Cup Open 2017"]
[Site "Saint Louis USA"]
[Date "2017.10.25"]
[Round "8.5"]
[White "Cori, Jorge"]
[Black "Rambaldi, Francesco"]
[Result "1-0"]
[WhiteTitle "GM"]
[BlackTitle "GM"]
[WhiteElo "2657"]
[BlackElo "2574"]
[WhiteFideId "3802272"]
[BlackFideId "20657307"]
[EventDate "2017.10.21"]

1. d4 Nf6 2. Nf3 d5 3. c4 e6 4. e3 Be7 5. Nc3 O-O 6. Bd3 dxc4 7. Bxc4 a6 8. O-O
c5 9. Qe2 b5 10. Bb3 Bb7 11. Rd1 Nbd7 12. e4 b4 13. d5 bxc3 14. dxe6 fxe6 15.
Ng5 Qb6 16. Bxe6+ Kh8 17. Bxd7 h6 18. Ne6 Rf7 19. bxc3 Bxe4 20. Nf4 g5 21. Be6
Rff8 22. Bd5 Bxd5 23. Nxd5 Nxd5 24. Rxd5 Bf6 25. Be3 Rac8 26. Rad1 Bxc3 27. Bxg5
Bg7 28. Be3 Rc6 29. g3 Qb4 30. Qh5 Re6 31. Rxc5 Qb2 32. Rf5 Rfe8 33. Rf7 Kg8 34.
Rdd7 Qb1+ 35. Kg2 Bf8 36. Rg7+ Kh8 37. Qf7 Qe4+ 38. f3 Qc2+ 39. Kh3 1-0

[Event "SPICE Cup Open 2017"]
[Site "Saint Louis USA"]
[Date "2017.10.25"]
[Round "8.6"]
[White "Chandra, Akshat"]
[Black "Robson, Ray"]
[Result "1/2-1/2"]
[WhiteTitle "GM"]
[BlackTitle "GM"]
[WhiteElo "2483"]
[BlackElo "2644"]
[WhiteFideId "25006711"]
[BlackFideId "2023970"]
[EventDate "2017.10.21"]

1. d4 Nf6 2. c4 g6 3. Nf3 Bg7 4. g3 c5 5. Bg2 Qa5+ 6. Bd2 Qb6 7. dxc5 Qxc5 8.
Qb3 Nc6 9. Nc3 O-O 10. Be3 Qa5 11. O-O d6 12. h3 Bd7 13. Rac1 Rfc8 14. a3 Rab8
15. Rfd1 h6 16. Qa2 Be6 17. b4 Qd8 18. Nd5 b5 19. Nd4 Nxd4 20. Bxd4 Rxc4 21.
Rxc4 bxc4 22. Qxc4 Nxd5 23. Bxd5 Rc8 24. Qb3 Bxd5 25. Qxd5 Bxd4 26. Qxd4 Qd7 27.
Qe3 Rc2 28. h4 h5 29. Rc1 Ra2 30. b5 Rb2 31. a4 Rb4 32. Qc3 Rxa4 33. Qc6 Qg4 34.
Qe8+ Kg7 35. Qxe7 Qe4 36. Qxe4 Rxe4 37. e3 Rb4 38. Ra1 Rxb5 39. Rxa7 Kf6 1/2-1/2

[Event "SPICE Cup Open 2017"]
[Site "Saint Louis USA"]
[Date "2017.10.25"]
[Round "8.7"]
[White "Liang, Awonder"]
[Black "Cordova, Emilio"]
[Result "1-0"]
[WhiteTitle "GM"]
[BlackTitle "GM"]
[WhiteElo "2554"]
[BlackElo "2608"]
[WhiteFideId "2056437"]
[BlackFideId "3801497"]
[EventDate "2017.10.21"]

1. e4 e5 2. Nf3 Nc6 3. Bb5 g6 4. d4 exd4 5. Bg5 Be7 6. Bxe7 Qxe7 7. Bxc6 dxc6 8.
Qxd4 Nf6 9. Nc3 Bg4 10. Nd2 c5 11. Qe3 O-O-O 12. h3 Bd7 13. O-O-O Bc6 14. f3 b6
15. Rhe1 h5 16. Nc4 Rhe8 17. Rxd8+ Rxd8 18. Qg5 Re8 19. Rd1 Nd7 20. Qg3 h4 21.
Qf4 g5 22. Qd2 f6 23. Ne3 Ne5 24. f4 gxf4 25. Nf5 Qh7 26. Qxf4 Qg6 27. Qxh4 Qxg2
28. Qh7 Kb8 29. Ne7 Bd7 30. Rxd7 Qg5+ 31. Kb1 Nxd7 32. Nc6+ Kc8 33. b3 Qg1+ 34.
Kb2 Qg3 35. Nxa7+ Kd8 36. Nc6+ Kc8 37. Nb5 c4 38. e5 c3+ 39. Ka3 Rd8 40. Nba7+ 1-0

[Event "SPICE Cup Open 2017"]
[Site "Saint Louis USA"]
[Date "2017.10.25"]
[Round "8.9"]
[White "Kavutskiy, Konstantin"]
[Black "Quintiliano Pinto, Renato R."]
[Result "1-0"]
[WhiteTitle "IM"]
[BlackTitle "IM"]
[WhiteElo "2390"]
[BlackElo "2451"]
[WhiteFideId "2026384"]
[BlackFideId "2117568"]
[EventDate "2017.10.21"]

1. d4 d5 2. c4 e6 3. Nf3 Nf6 4. e3 Nbd7 5. b3 c6 6. Bb2 Bd6 7. Bd3 O-O 8. O-O b6
9. Qc2 Bb7 10. Nc3 Rc8 11. Rad1 Qe7 12. e4 dxc4 13. bxc4 e5 14. Ne2 c5 15. dxe5
Nxe5 16. Nxe5 Bxe5 17. Bxe5 Qxe5 18. f4 Qe7 19. e5 Ng4 20. Bxh7+ Kh8 21. Bf5 Qh4
22. Bxg4 Qxg4 23. Nc3 Rfd8 24. Nd5 Bxd5 25. cxd5 c4 26. Rf3 Kg8 27. d6 c3 28.
Rdf1 Rc4 29. Rh3 g6 30. Rg3 Qh4 31. Rxg6+ 1-0

[Event "SPICE Cup Open 2017"]
[Site "Saint Louis USA"]
[Date "2017.10.25"]
[Round "8.11"]
[White "Sturt, Raven"]
[Black "Heimann, Mark"]
[Result "1/2-1/2"]
[BlackTitle "FM"]
[WhiteElo "2446"]
[BlackElo "2363"]
[WhiteFideId "2007304"]
[BlackFideId "2028441"]
[EventDate "2017.10.21"]

1. d4 e6 2. Nf3 Nf6 3. g3 b5 4. Bg2 Bb7 5. O-O c5 6. a4 b4 7. c3 Nc6 8. Bg5 d5
9. Nbd2 Be7 10. cxb4 Nxb4 11. dxc5 Bxc5 12. Nb3 Bd6 13. Rc1 h6 14. Bxf6 Qxf6 15.
Nc5 Bxc5 16. Rxc5 Qxb2 17. Qb1 Qxb1 18. Rxb1 a5 19. Nd2 O-O 20. Nb3 Nc6 21. e4
dxe4 22. Bxe4 Nd8 23. Bg2 Bxg2 24. Kxg2 Nb7 25. Rc7 Nd6 26. Rd1 Rfc8 27. Rxc8+
Nxc8 28. Rd8+ Kh7 29. Nd2 Nb6 30. Rxa8 Nxa8 31. Nc4 Kg6 32. Kf3 Kf5 33. Ke3 e5
34. Kd3 Ke6 35. Kc3 Kd5 36. Nxa5 Nb6 37. Kb4 Ke4 38. Nc4 Nxa4 39. Kxa4 f6 40.
Kb5 Kf3 41. Kc5 Kxf2 42. Kd5 Kg2 43. Ne3+ Kxh2 44. Nf5 g6 45. Nxh6 Kxg3 46. Ng8
f5 47. Kxe5 f4 48. Nf6 g5 49. Kf5 Kh4 50. Ke4 Kg3 51. Kf5 f3 52. Kxg5 f2 53.
Ne4+ 1/2-1/2

[Event "SPICE Cup Open 2017"]
[Site "Saint Louis USA"]
[Date "2017.10.25"]
[Round "8.12"]
[White "Kaliksteyn, Alexander"]
[Black "Plotkin, Victor"]
[Result "1-0"]
[WhiteTitle "FM"]
[BlackTitle "FM"]
[WhiteElo "2425"]
[BlackElo "2262"]
[WhiteFideId "2007630"]
[BlackFideId "2606674"]
[EventDate "2017.10.21"]

1. d4 d5 2. Nf3 Nf6 3. c3 e6 4. Bf4 c5 5. e3 Nc6 6. Nbd2 Bd6 7. Bg3 O-O 8. Bd3
cxd4 9. exd4 Re8 10. Ne5 Ne7 11. O-O Ng6 12. Qe2 a6 13. Ndf3 Qe7 14. Ng5 Rf8 15.
Rae1 Bd7 16. h4 Nh8 17. h5 h6 18. Nh3 Bb5 19. Bh4 Bxd3 20. Qxd3 g5 21. Nxg5 hxg5
22. Bxg5 Qd8 23. Re3 Be7 24. Rg3 Nxh5 25. Bxe7+ Nxg3 26. Qxg3+ 1-0

[Event "SPICE Cup Open 2017"]
[Site "Saint Louis USA"]
[Date "2017.10.25"]
[Round "8.13"]
[White "Leon Hoyos, Manuel"]
[Black "Grabinsky, Aaron"]
[Result "1-0"]
[WhiteTitle "GM"]
[WhiteElo "2490"]
[BlackElo "2366"]
[WhiteFideId "5105269"]
[BlackFideId "2087090"]
[EventDate "2017.10.21"]

1. e4 c6 2. c4 g6 3. d4 Bg7 4. Nc3 d6 5. f3 e5 6. Nge2 Ne7 7. Be3 O-O 8. Qd2 Nd7
9. Ng3 a6 10. dxe5 dxe5 11. c5 Re8 12. Na4 Nf8 13. Qxd8 Rxd8 14. Nb6 Rb8 15.
Nxc8 Rbxc8 16. Bc4 Bf6 17. Nf1 Kg7 18. Nd2 Ng8 19. Nb3 Rd7 20. Ke2 Bd8 21. g4 h6
22. h4 Nf6 23. Bd2 Bc7 24. Bc3 Re8 25. Nd2 Ne6 26. Bxe6 Rxe6 27. Nc4 Kf8 28.
Rac1 Rd8 29. Bd2 Kg7 30. Rc3 h5 31. g5 Nd7 32. Be3 Re7 33. Rb3 Rb8 34. Rd1 Nf8
35. Rdd3 Rd7 36. Bd2 Rxd3 37. Rxd3 Ne6 38. b4 Re8 39. Rd7 Kf8 40. Bc3 Re7 41.
Rxe7 Nf4+ 42. Ke3 Kxe7 43. Bxe5 Bxe5 44. Nxe5 Ng2+ 45. Kf2 Nf4 46. a3 a5 47.
bxa5 Ke6 48. Nxc6 Nd3+ 49. Ke2 Nxc5 50. Nd8+ 1-0

[Event "SPICE Cup Open 2017"]
[Site "Saint Louis USA"]
[Date "2017.10.25"]
[Round "8.14"]
[White "Patel, Advait"]
[Black "Baginskaite, Camilla"]
[Result "1-0"]
[WhiteTitle "IM"]
[BlackTitle "WGM"]
[WhiteElo "2448"]
[BlackElo "2140"]
[WhiteFideId "2075105"]
[BlackFideId "2014599"]
[EventDate "2017.10.21"]

1. e4 c5 2. Nf3 d6 3. Bb5+ Bd7 4. c4 Nf6 5. Nc3 g6 6. O-O Bg7 7. d4 cxd4 8. Nxd4
O-O 9. h3 Nc6 10. Be3 Nxd4 11. Bxd4 Be6 12. b3 a6 13. Ba4 Qa5 14. Qd3 Nh5 15.
Bxg7 Nxg7 16. f4 Rfc8 17. Rac1 Rc7 18. Kh1 Rac8 19. Rf3 f6 20. Rc2 g5 21. g3 h6
22. Qd2 Qc5 23. Rd3 gxf4 24. gxf4 Qh5 25. f5 Bf7 26. Rg3 Kh8 27. Ne2 Qh4 28. Kh2
b5 29. Nf4 bxa4 30. Rg4 Qxg4 31. hxg4 axb3 32. axb3 1-0

[Event "SPICE Cup Open 2017"]
[Site "Saint Louis USA"]
[Date "2017.10.25"]
[Round "8.15"]
[White "Williams, Justus"]
[Black "Furfine, Jacob"]
[Result "1/2-1/2"]
[WhiteTitle "FM"]
[BlackTitle "CM"]
[WhiteElo "2371"]
[BlackElo "2297"]
[WhiteFideId "2049929"]
[BlackFideId "2099462"]
[EventDate "2017.10.21"]

1. Nf3 d5 2. g3 Nf6 3. Bg2 c6 4. c4 g6 5. d4 Bg7 6. Nc3 dxc4 7. e3 Nd5 8. Nd2 e5
9. Nxc4 exd4 10. exd4 O-O 11. O-O Be6 12. Ne3 Nb6 13. d5 cxd5 14. Nexd5 Nc6 15.
Be3 Nxd5 16. Nxd5 Qa5 17. Bd2 Qd8 18. Bc3 Bxd5 19. Bxd5 Bxc3 20. bxc3 Rc8 21.
Re1 Qc7 22. Qf3 b6 23. Rad1 Ne5 24. Qf4 Nc4 25. Qf6 Rfe8 26. h4 Nd6 27. h5 Rxe1+
28. Rxe1 Re8 29. Re5 Rxe5 30. Qxe5 gxh5 31. c4 Qd8 32. Qxh5 Qf6 33. Qg4+ Kf8 34.
Qd7 Qe7 35. Qh3 Kg7 36. Qg4+ Kf8 37. Qd4 Kg8 38. a4 Ne8 39. a5 bxa5 40. c5 Nc7
41. c6 a4 42. Bf3 a3 43. Qxa7 Kg7 44. Qa5 Ne6 45. Bd5 Nc7 46. Ba2 f6 47. Qf5 Qe5
48. Qd7+ Kh6 49. Bg8 Qe1+ 50. Kg2 Qe4+ 51. Kh2 Qc2 52. Kg1 Qb1+ 53. Kg2 Qe4+ 54.
Kh2 Qc2 55. Qd4 Kg7 56. Bc4 a2 57. Qg4+ Kh6 58. Qf4+ Kg6 59. Qg4+ Kh6 60. Qf4+
Kg6 61. Qg4+ Kh6 1/2-1/2

[Event "SPICE Cup Open 2017"]
[Site "Saint Louis USA"]
[Date "2017.10.25"]
[Round "8.16"]
[White "Rahul, Srivatshav P"]
[Black "Black, James"]
[Result "1-0"]
[WhiteElo "2373"]
[BlackElo "2164"]
[WhiteFideId "25059653"]
[BlackFideId "2048280"]
[EventDate "2017.10.21"]

1. Nf3 d5 2. g3 c6 3. Bg2 Bg4 4. d3 e6 5. O-O Nf6 6. Nbd2 Be7 7. e4 O-O 8. Re1
Na6 9. e5 Nd7 10. h3 Bh5 11. Nf1 c5 12. g4 Bg6 13. Ng3 Rc8 14. g5 Re8 15. h4 Nf8
16. Nh2 f5 17. exf6 gxf6 18. h5 Bf7 19. gxf6 Bxf6 20. Ng4 Bg7 21. Bh6 Bxh6 22.
Nxh6+ Kg7 23. Ng4 Qg5 24. Ne5 Qf4 25. Re3 Nb8 26. Nxf7 Qxf7 27. Qg4+ Kh8 28.
Rae1 Nc6 29. c3 Rcd8 30. h6 Re7 31. Nh5 Ng6 32. Rxe6 Nce5 33. R1xe5 Nxe5 34.
Qg7+ 1-0

[Event "SPICE Cup Open 2017"]
[Site "Saint Louis USA"]
[Date "2017.10.25"]
[Round "8.17"]
[White "Guo, Arthur"]
[Black "Peng, David"]
[Result "0-1"]
[WhiteTitle "FM"]
[BlackTitle "FM"]
[WhiteElo "2219"]
[BlackElo "2330"]
[WhiteFideId "30903114"]
[BlackFideId "2059355"]
[EventDate "2017.10.21"]

1. e4 c5 2. Nf3 e6 3. d4 cxd4 4. Nxd4 a6 5. Nc3 Qc7 6. Bd3 Nf6 7. O-O d6 8. Qe2
Be7 9. a4 Nc6 10. Nb3 b6 11. f4 Bb7 12. Bd2 O-O 13. g4 Rfe8 14. g5 Nd7 15. Qh5
g6 16. Qh4 Na5 17. Nxa5 bxa5 18. Be3 Bf8 19. Rf3 Bg7 20. Rh3 Nf8 21. Rf1 Qc6 22.
Ne2 Qxa4 23. b3 Qb4 24. Ng3 a4 25. bxa4 Qxa4 26. Bf2 Qc6 27. Ne2 e5 28. f5 gxf5
29. Ng3 d5 30. exf5 f6 31. g6 hxg6 32. fxg6 e4 33. Nf5 Bc8 34. Nxg7 Bxh3 35. Nh5
Nd7 36. Bd4 Qe6 37. Ng3 Re7 38. Rxf6 Nxf6 39. Bxf6 Rg7 40. Bxg7 Kxg7 41. Nh5+
Kf8 42. Nf6 Qb6+ 0-1

[Event "SPICE Cup Open 2017"]
[Site "Saint Louis USA"]
[Date "2017.10.25"]
[Round "8.18"]
[White "Proleiko, Julian"]
[Black "Young, Angelo"]
[Result "1/2-1/2"]
[BlackTitle "IM"]
[WhiteElo "2095"]
[BlackElo "2292"]
[WhiteFideId "30900255"]
[BlackFideId "5200490"]
[EventDate "2017.10.21"]

1. Nf3 Nf6 2. d4 g6 3. Bf4 Nh5 4. Be3 d6 5. g3 Bg7 6. Bg2 O-O 7. O-O c6 8. c4 a6
9. Qd2 Re8 10. Bh6 Bh8 11. Nc3 b5 12. d5 b4 13. Ne4 c5 14. a3 bxa3 15. Rxa3 Nd7
16. Neg5 Rb8 17. g4 Nhf6 18. h3 Qb6 19. Qe3 Qxb2 20. Nxf7 Nb6 21. Rb3 Qa2 22.
Qd3 Kxf7 23. Rfb1 Nfd7 24. h4 Bf6 25. Bh3 Kg8 26. g5 Ne5 27. Nxe5 Bxe5 28. Bxc8
Rexc8 29. h5 gxh5 30. g6 Nd7 31. Qf5 hxg6 32. Qxg6+ Kh8 33. Rxb8 Rxb8 34. Rxb8+
Nxb8 35. Be3 Qxe2 36. Qh6+ Kg8 37. Qe6+ Kg7 38. Qh6+ Kf7 39. Qe6+ Ke8 40. Qc8+
Kf7 41. Qe6+ Kg7 42. Qh6+ Kg8 43. Qe6+ Kg7 1/2-1/2

[Event "SPICE Cup Open 2017"]
[Site "Saint Louis USA"]
[Date "2017.10.25"]
[Round "8.19"]
[White "Tsay, Vincent"]
[Black "Rosenthal, Nicholas"]
[Result "1-0"]
[WhiteTitle "FM"]
[WhiteElo "2265"]
[BlackElo "2164"]
[WhiteFideId "30931835"]
[BlackFideId "2045150"]
[EventDate "2017.10.21"]

1. d4 d5 2. c4 c6 3. Nf3 e6 4. Nbd2 Nf6 5. g3 Be7 6. Bg2 O-O 7. O-O b6 8. Qc2
Bb7 9. e4 Na6 10. a3 c5 11. exd5 exd5 12. dxc5 Nxc5 13. b4 Ne6 14. Bb2 dxc4 15.
Nxc4 Rc8 16. Rfd1 Qc7 17. Rac1 Bd5 18. Bxf6 Bxc4 19. Be5 Qb7 20. Ng5 Qxg2+ 21.
Kxg2 Bxg5 22. f4 Bd8 23. Qxc4 Rxc4 24. Rxc4 a5 25. Rd7 axb4 26. axb4 b5 27. Rc6
h6 28. Bd6 Re8 29. Rc8 g6 30. Be7 1-0